00933nam a22002417a 4500999001500000001000500015003000900020005001700029008004100046040003800087082002100125245004100146260004600187300002000233500008000253505001100333650002300344651003700367710002900404942001200433952012300445952012300568 c6482d64824912BD-DhUAP20210103110413.0200303s1977 bg a|||| b||| 001 0 eng d aBD-DhUAPbEngcBD-DhUAPdBD-DhUAP 223a378.5492 UNI aUniversity of Dhaka :bthe calendar. aDhaka :bThe University of Dhaka,cc1997. aparts ;c22 cm. aDhaka University ordinance & regulations (as amended upto September, 1997). aP. 2-- aEducation, Higher. aBangladeshvUniversity of Dhaka. aThe University of Dhaka. 2ddccBK 00102ddc4070aUAPCLbUAPCLcGeneral Stacksd2021-01-03o378.5492 UNI P-2p3010002313r2021-01-03t1w2021-01-03yBK 00102ddc4070aUAPCLbUAPCLcGeneral Stacksd2021-01-03o378.5492 UNI P-2p3010002312r2021-01-03t2w2021-01-03yBK